[Event "ISL-ch"]
[Site "Mosfellsbaer"]
[Date "2024.04.26"]
[Round "10"]
[White "Ragnarsson, Dagur"]
[Black "Gretarsson, Hjorvar Steinn"]
[Result "1/2-1/2"]
[WhiteElo "2333"]
[BlackElo "2518"]
[PlyCount "125"]
[EventDate "2024.04.16"]
[EventType "tourn"]
[EventRounds "11"]
[EventCountry "ISL"]
[EventCategory "6"]
[SourceTitle "CB18_2024"]
[SourceDate "2024.05.01"]
[SourceVersion "1"]
[SourceVersionDate "2024.05.01"]
[SourceQuality "2"]

1. Nf3 d5 2. g3 Nf6 3. Bg2 e6 4. 0-0 Be7 5. d3 c5 6. Nbd2 Nc6 7. e4 h6 8. Re1 0-0 9. e5 Nd7 10. h4 b5 11. Nf1 f6 12. exf6 Nxf6 13. c4 bxc4 14. dxc4 Rb8 15. Qc2 Rf7 16. Bf4 Bd6 17. cxd5 exd5 18. Ne5 Nxe5 19. Bxe5 Bxe5 20. Rxe5 Qd6 21. Rae1 Bd7 22. Qg6 Rb6 23. b3 Qf8 24. Qc2 Bc6 25. Ne3 d4 26. Nf5 Bxg2 27. Kxg2 Kh8 28. Qxc5 d3 29. Qd4 Rb8 30. Qxd3 Ng4 31. Rd5 Rc8 32. f3 Nf6 33. Rde5 Nd7 34. Re7 Nc5 35. Rxf7 Qxf7 36. Nd6 Nxd3 37. Nxf7+ Kg8 38. Rd1 Rc2+ 39. Kg1 Nf2 40. Rd7 Nh3+ 41. Kh1 Nf2+ 42. Kg1 Nh3+ 43. Kf1 Rf2+ 44. Ke1 Rxf3 45. Rxa7 Rxg3 46. b4 Nf4 47. b5 Nd5 48. a4 Rb3 49. Nd6 g5 50. Nf5 Rb1+ 51. Kd2 gxh4 52. Nxh4 Nb6 53. Nf5 Nxa4 54. Nxh6+ Kf8 55. Nf5 Rb4 56. Kd3 Ke8 57. Nd4 Nc5+ 58. Kc3 Rb1 59. Kc4 Nd7 60. Nb3 Kd8 61. Kc3 Kc8 62. Kc2 Rh1 63. b6 1/2-1/2

[Event "ISL-ch"]
[Site "Mosfellsbaer"]
[Date "2024.04.19"]
[Round "4"]
[White "Domalchuk Jonasson, Aleksandr"]
[Black "Ragnarsson, Dagur"]
[Result "1/2-1/2"]
[WhiteElo "2368"]
[BlackElo "2333"]
[PlyCount "119"]
[EventDate "2024.04.16"]
[EventType "tourn"]
[EventRounds "11"]
[EventCountry "ISL"]
[EventCategory "6"]
[SourceTitle "CB18_2024"]
[SourceDate "2024.05.01"]
[SourceVersion "1"]
[SourceVersionDate "2024.05.01"]
[SourceQuality "2"]

1. c4 Nf6 2. Nc3 e5 3. Nf3 Nc6 4. e3 Bb4 5. Qc2 Bxc3 6. bxc3 0-0 7. e4 d6 8. g3 h6 9. Bg2 Nh7 10. Nh4 Be6 11. d3 Ne7 12. Rb1 b6 13. 0-0 g5 14. Nf5 Nxf5 15. exf5 Bxf5 16. f4 exf4 17. gxf4 g4 18. Bxa8 Qxa8 19. Be3 Re8 20. Rbe1 Nf8 21. Qd2 Ng6 22. Bf2 Re6 23. d4 Qf3 24. Bg3 Rxe1 25. Rxe1 Be4 26. Qe2 Qxe2 27. Rxe2 f5 28. h3 gxh3 29. Kh2 Kf7 30. c5 b5 31. Kxh3 Ke6 32. cxd6 cxd6 33. a4 a6 34. axb5 axb5 35. Rb2 Bc6 36. Ra2 Be4 37. Rb2 Bc6 38. Ra2 Be4 39. Ra5 Bd3 40. Kg2 h5 41. Kf3 h4 42. Bh2 Ne7 43. Ke3 Bc4 44. Ra7 Nd5+ 45. Kd2 Nf6 46. Bg1 h3 47. Ke1 Bd5 48. Rg7 Bg2 49. Rg6 Kf7 50. Rg5 Ke6 51. Rg6 Bf3 52. Kf2 Bh5 53. Rh6 Kf7 54. Kg3 Bg4 55. Rxf6+ Kxf6 56. d5 Ke7 57. Bb6 Kd7 58. Ba5 Bh5 59. Kxh3 Bf7 60. Kg3 1/2-1/2

[Event "ISL-ch"]
[Site "Mosfellsbaer"]
[Date "2024.04.18"]
[Round "3"]
[White "Ragnarsson, Dagur"]
[Black "Gretarsson, Helgi Ass"]
[Result "1/2-1/2"]
[WhiteElo "2333"]
[BlackElo "2468"]
[PlyCount "61"]
[EventDate "2024.04.16"]
[EventType "tourn"]
[EventRounds "11"]
[EventCountry "ISL"]
[EventCategory "6"]
[SourceTitle "CB18_2024"]
[SourceDate "2024.05.01"]
[SourceVersion "1"]
[SourceVersionDate "2024.05.01"]
[SourceQuality "2"]

1. Nf3 Nf6 2. g3 b6 3. Bg2 Bb7 4. 0-0 g6 5. c4 Bg7 6. Nc3 0-0 7. Re1 Ne4 8. Nxe4 Bxe4 9. d3 Bb7 10. e4 c5 11. d4 cxd4 12. Nxd4 Qc8 13. b3 Nc6 14. Bb2 d6 15. Re2 Nxd4 16. Bxd4 Bxd4 17. Qxd4 Qc5 18. Qxc5 dxc5 19. Rd1 Rad8 20. Red2 Rxd2 21. Rxd2 Bc8 22. h4 Be6 23. f4 Kg7 24. Kf2 Rc8 25. Ke3 Rc7 26. Bf3 Rd7 27. Rxd7 Bxd7 28. g4 h6 29. g5 hxg5 30. hxg5 Kf8 31. e5 1/2-1/2

[Event "ISL-ch"]
[Site "Mosfellsbaer"]
[Date "2024.04.17"]
[Round "2"]
[White "Stefansson, Hannes"]
[Black "Ragnarsson, Dagur"]
[Result "1-0"]
[WhiteElo "2493"]
[BlackElo "2333"]
[PlyCount "63"]
[EventDate "2024.04.16"]
[EventType "tourn"]
[EventRounds "11"]
[EventCountry "ISL"]
[EventCategory "6"]
[SourceTitle "CB18_2024"]
[SourceDate "2024.05.01"]
[SourceVersion "1"]
[SourceVersionDate "2024.05.01"]
[SourceQuality "2"]

1. Nf3 d5 2. d4 Nf6 3. c4 e6 4. Bg5 Be7 5. Nc3 h6 6. Bh4 0-0 7. e3 b6 8. Rc1 Bb7 9. Bxf6 Bxf6 10. cxd5 exd5 11. b4 c6 12. Bd3 Re8 13. 0-0 Nd7 14. Qb3 Nf8 15. Rfd1 Ne6 16. Bb1 Qd6 17. a4 a5 18. bxa5 bxa5 19. Nxd5 cxd5 20. Qxb7 Reb8 21. Qc6 Ra6 22. Qxd6 Rxd6 23. Bd3 Kf8 24. Bb5 Ke7 25. Rc2 Rdd8 26. Rdc1 Rb6 27. Nd2 Ra8 28. Nb3 Kd8 29. Rc6 Rab8 30. Nxa5 Rxb5 31. axb5 Rxb5 32. Ra6 1-0

[Event "Reykjavik op"]
[Site "Reykjavik"]
[Date "2024.03.20"]
[Round "8"]
[White "Ragnarsson, Dagur"]
[Black "Harish, Neeraj"]
[Result "1-0"]
[WhiteElo "2337"]
[BlackElo "2090"]
[PlyCount "105"]
[EventDate "2024.03.15"]
[EventType "swiss"]
[EventRounds "9"]
[EventCountry "ISL"]
[SourceTitle "CB13_2024"]
[SourceDate "2024.03.27"]
[SourceVersion "1"]
[SourceVersionDate "2024.03.27"]
[SourceQuality "1"]

1. d4 Nf6 2. c4 g6 3. f3 d5 4. cxd5 Nxd5 5. e4 Nb6 6. Nc3 Bg7 7. Be3 0-0 8. Qd2 e5 9. d5 c6 10. h4 cxd5 11. exd5 N8d7 12. h5 Nf6 13. hxg6 fxg6 14. 0-0-0 Bd7 15. Bh6 Rc8 16. Bxg7 Kxg7 17. Kb1 Nc4 18. Bxc4 Rxc4 19. Nge2 b5 20. b3 Rc8 21. Ng3 Kg8 22. Rhe1 Re8 23. Kb2 Qa5 24. Nce4 Qxd2+ 25. Rxd2 Nxe4 26. Nxe4 Re7 27. b4 Kg7 28. Nc5 Rd8 29. f4 Kf6 30. Rde2 e4 31. Nxe4+ Kg7 32. Nc5 Rxe2+ 33. Rxe2 Bf5 34. Rd2 Rd6 35. Kc3 Kf7 36. Kd4 Kf6 37. g4 Bxg4 38. Ne4+ Ke7 39. Nxd6 Kxd6 40. Rd3 a6 41. Rc3 Bd7 42. f5 Bxf5 43. Rc6+ Ke7 44. Rxa6 h5 45. Ke5 h4 46. a4 bxa4 47. Rxa4 Bd7 48. d6+ Kd8 49. Ra8+ Bc8 50. b5 h3 51. b6 h2 52. b7 h1Q 53. bxc8Q# 1-0

[Event "Reykjavik op"]
[Site "Reykjavik"]
[Date "2024.03.19"]
[Round "7"]
[White "Andersen, Lars Christoff"]
[Black "Ragnarsson, Dagur"]
[Result "0-1"]
[WhiteElo "1993"]
[BlackElo "2337"]
[PlyCount "90"]
[EventDate "2024.03.15"]
[EventType "swiss"]
[EventRounds "9"]
[EventCountry "ISL"]
[SourceTitle "CB13_2024"]
[SourceDate "2024.03.27"]
[SourceVersion "1"]
[SourceVersionDate "2024.03.27"]
[SourceQuality "1"]

1. c4 e5 2. Nc3 Nf6 3. Nf3 Nc6 4. e4 Bb4 5. d3 h6 6. Be2 0-0 7. 0-0 Bxc3 8. bxc3 d6 9. Ne1 Nh7 10. Nc2 f5 11. exf5 Bxf5 12. Ne3 Be6 13. Bg4 Qd7 14. Bxe6+ Qxe6 15. Nd5 Rf7 16. Rb1 b6 17. Qe2 Re8 18. Qe4 Nd8 19. Re1 Qd7 20. Rb2 Ne6 21. Be3 Neg5 22. Bxg5 Nxg5 23. Qe2 Ref8 24. Rf1 Ne6 25. Rd2 c6 26. Nb4 a5 27. Nc2 Qd8 28. d4 Qg5 29. Qe3 Nf4 30. f3 exd4 31. Qxd4 Rf6 32. Rfd1 c5 33. Qe4 Re6 34. Qb7 Rfe8 35. Kh1 Qg6 36. Qd7 Kh7 37. h3 R8e7 38. Qc8 Qg3 39. Rg1 h5 40. Qf8 Qg5 41. g4 Ng6 42. f4 Qxf4 43. Qxf4 Nxf4 44. gxh5 Re2 45. Rgd1 Nxh3 0-1

[Event "Reykjavik op"]
[Site "Reykjavik"]
[Date "2024.03.18"]
[Round "5"]
[White "Gortemaker, Lucas"]
[Black "Ragnarsson, Dagur"]
[Result "1-0"]
[WhiteElo "2032"]
[BlackElo "2337"]
[PlyCount "95"]
[EventDate "2024.03.15"]
[EventType "swiss"]
[EventRounds "9"]
[EventCountry "ISL"]
[SourceTitle "CB13_2024"]
[SourceDate "2024.03.27"]
[SourceVersion "1"]
[SourceVersionDate "2024.03.27"]
[SourceQuality "1"]

1. e4 e6 2. d4 d5 3. Nc3 Nf6 4. exd5 exd5 5. Bg5 Be7 6. Qd2 0-0 7. 0-0-0 Re8 8. Bd3 Nc6 9. Nge2 Nb4 10. Ng3 Nxd3+ 11. Qxd3 Ng4 12. Bxe7 Qxe7 13. Qd2 Qd6 14. Rde1 Bd7 15. f3 Nf6 16. Nd1 c5 17. Kb1 Be6 18. Ne3 Qf4 19. Ne2 Qc7 20. dxc5 Qxc5 21. Nd4 a5 22. Nef5 Nd7 23. Qg5 Qf8 24. h4 Ra6 25. h5 f6 26. Qg3 Ne5 27. Rh4 Rb6 28. Nxe6 Rexe6 29. f4 Nc4 30. Rxe6 Rxe6 31. Rg4 Re7 32. h6 g6 33. Nxe7+ Qxe7 34. f5 g5 35. Rd4 Qd7 36. Qb8+ Kf7 37. g4 Qe7 38. a3 Qd7 39. Qh8 Qb5 40. Qxh7+ Ke8 41. Qg8+ Ke7 42. Qe6+ Kf8 43. Qxf6+ Ke8 44. Qe6+ Kf8 45. Qc8+ Kf7 46. Qc7+ Kf8 47. Rxc4 dxc4 48. h7 1-0

[Event "ISL-chT Kvika 2324"]
[Site "Reykjavik"]
[Date "2023.10.15"]
[Round "5.1"]
[White "Thorsteinsson, Thorsteinn"]
[Black "Ragnarsson, Dagur"]
[Result "1/2-1/2"]
[WhiteElo "2190"]
[BlackElo "2337"]
[PlyCount "51"]
[EventDate "2023.10.12"]
[EventType "team-tourn"]
[EventRounds "10"]
[EventCountry "ISL"]
[SourceTitle "Mega2024 Update 01"]
[Source "Chessbase"]
[SourceDate "2023.11.12"]
[SourceVersion "1"]
[SourceVersionDate "2023.11.12"]
[SourceQuality "1"]
[WhiteTeam "Taflfelag Vestmannaeyja"]
[BlackTeam "Skakdeild Fjolnis"]
[WhiteTeamCountry "ISL"]
[BlackTeamCountry "ISL"]

1. d4 Nf6 2. c4 g6 3. Nc3 d5 4. cxd5 Nxd5 5. e4 Nxc3 6. bxc3 Bg7 7. Nf3 c5 8. Bb5+ Nc6 9. 0-0 0-0 10. Be3 Qa5 11. Qb3 a6 12. Be2 Qc7 13. Rab1 b5 14. Rfd1 Na5 15. Qa3 cxd4 16. cxd4 Nc4 17. Qc1 Bg4 18. a4 Rfc8 19. axb5 axb5 20. Rxb5 Nd6 21. Rc5 Qb7 22. h3 Bd7 23. Nd2 Qb4 24. e5 Nf5 25. Ne4 Rxc5 26. Qxc5 1/2-1/2

[Event "ISL-ch"]
[Site "Hafnarfjordur"]
[Date "2023.05.21"]
[Round "7"]
[White "Kjartansson, Gudmundur"]
[Black "Ragnarsson, Dagur"]
[Result "1-0"]
[WhiteElo "2402"]
[BlackElo "2346"]
[PlyCount "103"]
[EventDate "2023.05.15"]
[EventType "tourn"]
[EventRounds "11"]
[EventCountry "ISL"]
[EventCategory "6"]
[SourceTitle "CBM 214 Extra"]
[Source "ChessBase"]
[SourceDate "2023.07.31"]
[SourceVersion "1"]
[SourceVersionDate "2023.07.31"]
[SourceQuality "1"]

1. Nf3 d5 2. d4 Nf6 3. c4 c6 4. e3 e6 5. Bd3 Nbd7 6. b3 Bd6 7. Bb2 b6 8. Nbd2 Bb7 9. 0-0 0-0 10. Re1 Re8 11. Ne5 Qc7 12. f4 c5 13. cxd5 exd5 14. Rc1 a6 15. Qf3 Qd8 16. g4 cxd4 17. exd4 Bb4 18. Bc3 Bxc3 19. Rxc3 Ne4 20. Nxe4 dxe4 21. Bxe4 Bxe4 22. Rxe4 Nf6 23. Ree3 h5 24. g5 Ng4 25. Red3 Rc8 26. Qb7 Rxc3 27. Qxf7+ Kh7 28. Qxh5+ Kg8 29. Qf7+ Kh7 30. Rxc3 Qxd4+ 31. Kg2 Qd2+ 32. Kg3 Qxc3+ 33. Kxg4 Qc8+ 34. Kh4 Qe6 35. g6+ Kh8 36. Kg3 Qc8 37. h4 Qc3+ 38. Nf3 Qc8 39. Qd5 Qe6 40. Qh5+ Kg8 41. Qh7+ Kf8 42. h5 Qg8 43. Ne5 Ke7 44. f5 Kf6 45. Qxg8 Rxg8 46. Kf4 Rd8 47. Ng4+ Ke7 48. Kg5 Rd2 49. h6 gxh6+ 50. Kxh6 Rg2 51. Kg7 Rxg4 52. f6+ 1-0

[Event "ISL-ch"]
[Site "Hafnarfjordur"]
[Date "2023.05.16"]
[Round "2"]
[White "Ragnarsson, Dagur"]
[Black "Stefansson, Hannes"]
[Result "0-1"]
[WhiteElo "2346"]
[BlackElo "2521"]
[PlyCount "78"]
[EventDate "2023.05.15"]
[EventType "tourn"]
[EventRounds "11"]
[EventCountry "ISL"]
[EventCategory "6"]
[SourceTitle "CBM 214 Extra"]
[Source "ChessBase"]
[SourceDate "2023.07.31"]
[SourceVersion "1"]
[SourceVersionDate "2023.07.31"]
[SourceQuality "1"]

1. d4 Nf6 2. c4 e6 3. Nc3 Bb4 4. a3 Bxc3+ 5. bxc3 c5 6. f3 d5 7. cxd5 Nxd5 8. dxc5 Qa5 9. e4 Ne7 10. Be3 0-0 11. Qb3 Qc7 12. Bb5 Nec6 13. f4 Na5 14. Qb1 Nd7 15. Bxd7 Bxd7 16. Ne2 Nc4 17. Bd4 b6 18. Qb4 b5 19. Qb1 Bc6 20. Ra2 f6 21. 0-0 e5 22. fxe5 fxe5 23. Rxf8+ Rxf8 24. Bf2 Qf7 25. Ng3 Nxa3 26. Qa1 Nc4 27. Qe1 a5 28. Ra1 Qb7 29. Rd1 a4 30. Nf5 Bxe4 31. Nd6 Nxd6 32. cxd6 Bxg2 33. Qxe5 Qf7 34. Bh4 Bc6 35. Qe3 a3 36. Be7 Ra8 37. Rf1 Qxf1+ 38. Kxf1 a2 39. Qe6+ Kh8 0-1

[Event "ISL-chT Kvika 2223"]
[Site "Reykjavik"]
[Date "2023.03.17"]
[Round "7.3"]
[White "Stefansson, Hannes"]
[Black "Ragnarsson, Dagur"]
[Result "1-0"]
[WhiteElo "2510"]
[BlackElo "2353"]
[PlyCount "87"]
[EventDate "2022.10.13"]
[EventType "team-tourn"]
[EventRounds "10"]
[EventCountry "ISL"]
[SourceTitle "CBM 213 Extra"]
[Source "ChessBase"]
[SourceDate "2023.05.31"]
[SourceVersion "1"]
[SourceVersionDate "2023.05.31"]
[SourceQuality "1"]
[WhiteTeam "Taflfelag Gardjabaejar"]
[BlackTeam "Skakdeild Fjolnis"]
[WhiteTeamCountry "ISL"]
[BlackTeamCountry "ISL"]

1. e4 e5 2. Nf3 Nc6 3. Bb5 a6 4. Ba4 Nf6 5. 0-0 Nxe4 6. d4 Be7 7. Re1 b5 8. Rxe4 d5 9. Nxe5 Nxe5 10. Rxe5 bxa4 11. Qe2 c6 12. Nc3 a3 13. b3 Be6 14. f4 Kf8 15. Na4 Bd6 16. Nc5 Bxe5 17. fxe5 Qh4 18. Be3 Qg4 19. Qd2 h5 20. Qb4 Kg8 21. Rf1 Qg6 22. Rf2 Bf5 23. c3 Kh7 24. Qxa3 Rhf8 25. Qc1 f6 26. Bf4 fxe5 27. dxe5 Rf7 28. Qe3 Be6 29. Qg3 Qb1+ 30. Rf1 Qf5 31. Qg5 Qxg5 32. Bxg5 Rxf1+ 33. Kxf1 Kg6 34. Nxe6 Re8 35. Nc7 Rf8+ 36. Ke2 Rc8 37. Nxa6 Ra8 38. Nc7 Rxa2+ 39. Bd2 Kf7 40. e6+ Ke7 41. Kd3 Kd8 42. Bf4 Ra7 43. Kd4 Ke7 44. Kc5 1-0

[Event "Kragero op"]
[Site "Kragero"]
[Date "2023.02.26"]
[Round "9"]
[White "Elsness, Frode"]
[Black "Ragnarsson, Dagur"]
[Result "1/2-1/2"]
[WhiteElo "2475"]
[BlackElo "2343"]
[PlyCount "62"]
[EventDate "2023.02.22"]
[EventType "swiss"]
[EventRounds "9"]
[EventCountry "NOR"]
[SourceTitle "CBM 212 Extra"]
[Source "ChessBase"]
[SourceDate "2023.03.31"]
[SourceVersion "1"]
[SourceVersionDate "2023.03.31"]
[SourceQuality "1"]

1. c4 c6 2. g3 d5 3. Nf3 Nf6 4. Bg2 dxc4 5. 0-0 Nbd7 6. Qc2 Nb6 7. Na3 g6 8. Nxc4 Bg7 9. d3 0-0 10. Bd2 Nxc4 11. Qxc4 Qd5 12. Qh4 Qh5 13. Qxh5 Nxh5 14. Bc3 Re8 15. Bxg7 Nxg7 16. Ne5 Rd8 17. Rfc1 Nf5 18. Rc3 Nd6 19. b4 a5 20. Ra3 f6 21. Nc4 Nxc4 22. dxc4 Be6 23. b5 Bxc4 24. bxc6 bxc6 25. Bxc6 Ra6 26. Bb7 Rb6 27. Bf3 Rb2 28. Rxa5 Rdd2 29. Re1 Bxa2 30. Rc5 Rbc2 31. Rxc2 Rxc2 1/2-1/2

[Event "Kragero op"]
[Site "Kragero"]
[Date "2023.02.24"]
[Round "6"]
[White "Ragnarsson, Dagur"]
[Black "Stremavicius, Titas"]
[Result "1/2-1/2"]
[WhiteElo "2343"]
[BlackElo "2540"]
[PlyCount "98"]
[EventDate "2023.02.22"]
[EventType "swiss"]
[EventRounds "9"]
[EventCountry "NOR"]
[SourceTitle "CBM 212 Extra"]
[Source "ChessBase"]
[SourceDate "2023.03.31"]
[SourceVersion "1"]
[SourceVersionDate "2023.03.31"]
[SourceQuality "1"]

1. d4 f5 2. Nf3 Nf6 3. Bf4 g6 4. e3 Bg7 5. Bc4 e6 6. h3 Nc6 7. Nc3 d6 8. g4 Qe7 9. Qe2 a6 10. a4 Ne4 11. gxf5 Nxc3 12. bxc3 exf5 13. Bg5 Bf6 14. h4 Na5 15. Bd3 Bxg5 16. hxg5 Be6 17. c4 Rf8 18. Rh4 0-0-0 19. Rb1 Bg8 20. Qd2 Nc6 21. Qc3 d5 22. c5 f4 23. Be2 fxe3 24. fxe3 Rde8 25. Kd2 h5 26. Rhh1 Qe4 27. Rhf1 Be6 28. Qd3 Bh3 29. Rf2 Rf7 30. Rh2 Qe6 31. Nh4 Bf5 32. Nxf5 Qxf5 33. Rf1 Qxd3+ 34. cxd3 Ref8 35. Rxf7 Rxf7 36. Bd1 Rf1 37. Rg2 Kd7 38. Bb3 Ke6 39. e4 Nxd4 40. Bxd5+ Ke5 41. Kc3 c6 42. Bc4 h4 43. Rh2 Rf4 44. Rb2 Rg4 45. Rxb7 Rxg5 46. Re7+ Kf6 47. Rf7+ Ke5 48. Re7+ Kf6 49. Rf7+ Ke5 1/2-1/2

[Event "Kragero op"]
[Site "Kragero"]
[Date "2023.02.22"]
[Round "1"]
[White "Amundsen, Ask"]
[Black "Ragnarsson, Dagur"]
[Result "0-1"]
[WhiteElo "2000"]
[BlackElo "2343"]
[PlyCount "86"]
[EventDate "2023.02.22"]
[EventType "swiss"]
[EventRounds "9"]
[EventCountry "NOR"]
[SourceTitle "CBM 212 Extra"]
[Source "ChessBase"]
[SourceDate "2023.03.31"]
[SourceVersion "1"]
[SourceVersionDate "2023.03.31"]
[SourceQuality "1"]

1. e4 e6 2. d4 d5 3. Bd3 dxe4 4. Bxe4 Nf6 5. Bf3 c5 6. Ne2 Nc6 7. Be3 cxd4 8. Nxd4 Ne5 9. 0-0 a6 10. Nc3 Bb4 11. Ne4 Nxf3+ 12. Qxf3 Nxe4 13. Qxe4 Qe7 14. Nc6 f5 15. Nxe7 fxe4 16. Nxc8 Rxc8 17. c3 Be7 18. Rfe1 Bf6 19. Rad1 Ke7 20. Bd4 Rhd8 21. Rxe4 Kf7 22. Rd2 Rc4 23. b3 Rc6 24. Kf1 b5 25. Ke2 Rcd6 26. Be3 Bxc3 27. Rxd6 Rxd6 28. a4 e5 29. Rh4 h6 30. axb5 axb5 31. Bc5 Rd2+ 32. Ke3 Rb2 33. b4 Be1 34. Kf3 Ke6 35. Rg4 g5 36. h4 Kf5 37. Re4 g4+ 38. Rxg4 Rb3+ 39. Be3 Bxf2 40. Re4 h5 41. g4+ hxg4+ 42. Rxg4 Bxe3 43. Rg8 Bf4+ 0-1

[Event "Reykjavik Blitz op"]
[Site "Reykjavik"]
[Date "2022.01.29"]
[Round "11"]
[White "Ragnarsson, Dagur"]
[Black "Jonsson, Gauti Pall"]
[Result "0-1"]
[WhiteElo "2351"]
[BlackElo "2048"]
[PlyCount "58"]
[EventDate "2022.01.29"]
[EventType "swiss (blitz)"]
[EventRounds "11"]
[EventCountry "ISL"]
[SourceTitle "CBM 206 Extra"]
[Source "ChessBase"]
[SourceDate "2022.03.31"]
[SourceVersion "1"]
[SourceVersionDate "2022.03.31"]
[SourceQuality "1"]

1. Nf3 Nf6 2. b3 d5 3. Bb2 Bg4 4. e3 Nbd7 5. h3 Bxf3 6. Qxf3 e5 7. c4 e4 8. Qd1 c6 9. a3 Bd6 10. d3 Ne5 11. Nc3 0-0 12. dxe4 dxe4 13. Qc2 Re8 14. Nxe4 Nxe4 15. Qxe4 Qa5+ 16. Ke2 Ng6 17. Qc2 Rad8 18. g3 Qh5+ 19. Ke1 Qf3 20. Rg1 Be5 21. Be2 Qf6 22. Bxe5 Nxe5 23. Rd1 Nf3+ 24. Bxf3 Qxf3 25. Rxd8 Rxd8 26. Qe2 Qe4 27. f3 Qb1+ 28. Kf2 Qxb3 29. Rd1 Qxd1 0-1

[Event "ISL-chT1 2122"]
[Site "Reykjavik"]
[Date "2021.10.02"]
[Round "4.1"]
[White "Karlsson, Bjorn Ivar"]
[Black "Ragnarsson, Dagur"]
[Result "1/2-1/2"]
[WhiteElo "2313"]
[BlackElo "2376"]
[PlyCount "35"]
[EventDate "2021.09.30"]
[EventType "team-tourn"]
[EventRounds "10"]
[EventCountry "ISL"]
[SourceTitle "EXT 2022"]
[Source "ChessBase"]
[SourceDate "2021.10.06"]
[SourceVersion "1"]
[SourceVersionDate "2021.10.06"]
[SourceQuality "1"]
[WhiteTeam "Skakfelag Akureyrar"]
[BlackTeam "Skakdeild Fjolnis"]
[WhiteTeamCountry "ISL"]
[BlackTeamCountry "ISL"]

1. Nf3 d5 2. d4 e6 3. c4 c6 4. g3 f5 5. Bg2 Nf6 6. 0-0 Bd6 7. Bf4 0-0 8. Bxd6 Qxd6 9. Nbd2 Nbd7 10. Qc2 Ng4 11. e3 b6 12. Rac1 Bb7 13. h3 Nh6 14. Rfd1 g6 15. Ne1 Nf7 16. Nd3 Qe7 17. b4 Rfc8 18. Qb2 1/2-1/2

[Event "Uppsala IM Gp2"]
[Site "Uppsala"]
[Date "2021.08.13"]
[Round "6"]
[White "Ragnarsson, Dagur"]
[Black "Olsson, William"]
[Result "0-1"]
[WhiteElo "2394"]
[BlackElo "2322"]
[PlyCount "96"]
[EventDate "2021.08.09"]
[EventType "tourn"]
[EventRounds "9"]
[EventCountry "SWE"]
[SourceTitle "CBM 203 Extra"]
[Source "ChessBase"]
[SourceDate "2021.09.30"]
[SourceVersion "1"]
[SourceVersionDate "2021.09.30"]
[SourceQuality "1"]

1. d4 d5 2. c4 c6 3. Nf3 Nf6 4. Qb3 dxc4 5. Qxc4 e6 6. g3 b5 7. Qd3 Bb7 8. Bg2 Nbd7 9. 0-0 Qb6 10. Nc3 a6 11. a4 Rc8 12. Be3 Nd5 13. Nxd5 cxd5 14. axb5 axb5 15. Bd2 b4 16. Ra4 Be7 17. Rfa1 0-0 18. Bf1 Nb8 19. e3 Bc6 20. Ra5 Rfd8 21. Ne5 Be8 22. Qb3 Rc7 23. Nd3 Bb5 24. Qd1 Nc6 25. Ra8 Rcc8 26. Rxc8 Rxc8 27. Rc1 Ra8 28. Nc5 Bxf1 29. Kxf1 Ra5 30. Nd3 Ra8 31. Qc2 Rc8 32. Qa4 Qb7 33. Kg2 Bf8 34. b3 g5 35. h3 Kg7 36. Nc5 Qa8 37. Qb5 Kg8 38. Qd3 Be7 39. f4 gxf4 40. gxf4 Kh8 41. Kf3 Rg8 42. Qa6 Qe8 43. Ke2 Rg2+ 44. Kd1 f6 45. Nxe6 Qh5+ 46. Ke1 Qf3 47. Qf1 Qg3+ 48. Kd1 Rg1 0-1

[Event "ISL-ch"]
[Site "Gardabaer"]
[Date "2020.08.29"]
[Round "8"]
[White "Ragnarsson, Dagur"]
[Black "Kjartansson, Gudmundur"]
[Result "0-1"]
[WhiteElo "2396"]
[BlackElo "2466"]
[PlyCount "78"]
[EventDate "2020.08.22"]
[EventType "tourn"]
[EventRounds "9"]
[EventCountry "ISL"]
[EventCategory "6"]
[SourceTitle "CBM 198 Extra"]
[Source "ChessBase"]
[SourceDate "2020.11.30"]
[SourceVersion "1"]
[SourceVersionDate "2020.11.30"]
[SourceQuality "1"]

1. d4 Nf6 2. c4 c5 3. d5 g6 4. Nc3 Bg7 5. e4 d6 6. h3 0-0 7. Bg5 e6 8. Bd3 Na6 9. Nf3 h6 10. Be3 Nc7 11. a4 Na6 12. 0-0 e5 13. g4 Nb4 14. Ne1 Nh7 15. Bb1 h5 16. f3 Bf6 17. Ng2 Bg5 18. Qd2 Kg7 19. Kf2 Rh8 20. Rh1 Bxe3+ 21. Qxe3 Ng5 22. Bd3 Qf6 23. Ke2 Qxf3+ 24. Qxf3 Nxf3 25. Kxf3 Nxd3 26. Nb5 hxg4+ 27. hxg4 Bxg4+ 28. Kxg4 Nf2+ 29. Kf3 Nxh1 30. Nxd6 Rh3+ 31. Ke2 Ng3+ 32. Kf2 Rd8 33. Nb5 Nxe4+ 34. Ke2 a6 35. Na3 Rb3 36. Ne3 Rh8 37. Nac2 Rh2+ 38. Kf3 f5 39. d6 Rf2# 0-1

[Event "ISL-ch"]
[Site "Gardabaer"]
[Date "2020.08.28"]
[Round "7"]
[White "Ragnarsson, Dagur"]
[Black "Gretarsson, Hjorvar Steinn"]
[Result "0-1"]
[WhiteElo "2396"]
[BlackElo "2579"]
[PlyCount "96"]
[EventDate "2020.08.22"]
[EventType "tourn"]
[EventRounds "9"]
[EventCountry "ISL"]
[EventCategory "6"]
[SourceTitle "CBM 198 Extra"]
[Source "ChessBase"]
[SourceDate "2020.11.30"]
[SourceVersion "1"]
[SourceVersionDate "2020.11.30"]
[SourceQuality "1"]

1. d4 Nf6 2. c4 e6 3. Nc3 Bb4 4. Qc2 0-0 5. Nf3 d6 6. g3 Nc6 7. a3 Bxc3+ 8. Qxc3 e5 9. d5 Ne7 10. Bg2 a5 11. a4 Ne4 12. Qa3 f5 13. Ng5 Nc5 14. f4 Ng6 15. h4 exf4 16. gxf4 h6 17. Nf3 Re8 18. h5 Qe7 19. Bf1 Nf8 20. Rg1 Nh7 21. Qc3 Nf6 22. Nd4 Ng4 23. Kd1 Nf2+ 24. Ke1 Ncd3+ 25. Kd2 Ne4+ 26. Kxd3 Nxc3 27. Kxc3 Bd7 28. Bg2 c5 29. Ne6 Qf6+ 30. Kb3 Ra6 31. Ka2 Rb6 32. Rb1 Bxa4 33. Bd2 Bb3+ 34. Ka1 Rb4 35. Rbc1 Ra4+ 36. Kb1 Ba2+ 37. Kc2 Rxc4+ 38. Bc3 Rxe6 39. dxe6 d5 40. Ra1 d4 41. e7 Qxe7 42. Bd5+ Kh7 43. Rxa2 Qxe2+ 44. Kb3 a4+ 45. Rxa4 Rxa4 46. Kxa4 dxc3 47. bxc3 Qa6+ 48. Kb3 c4+ 0-1